ARRUPE JESUIT UNIVERSITY

CORONAVIRUS -STOP THE SPREAD - CLEAN,DISINFECT,COVER

The body of Christ (Record no. 120526)

MARC details
000 -LEADER
fixed length control field 00388nam a22001337a 4500
005 - DATE AND TIME OF LATEST TRANSACTION
control field 20140519173446.0
008 - FIXED-LENGTH DATA ELEMENTS--GENERAL INFORMATION
fixed length control field 140519b xxu||||| |||| 00| 0 eng d
050 ## - LIBRARY OF CONGRESS CALL NUMBER
Classification number BT414.
Item number M824 2011
100 ## - MAIN ENTRY--PERSONAL NAME
Personal name Moore, Sebastian
9 (RLIN) 10319
245 ## - TITLE STATEMENT
Title The body of Christ
Statement of responsibility, etc Moore, Sebastian
260 ## - PUBLICATION, DISTRIBUTION, ETC. (IMPRINT)
Place of publication, distribution, etc London
Name of publisher, distributor, etc Darton, Longman and Todd
Date of publication, distribution, etc 2011
300 ## - PHYSICAL DESCRIPTION
Extent vi, 112p.;
Dimensions 24cm.
942 ## - ADDED ENTRY ELEMENTS (KOHA)
Source of classification or shelving scheme Library of Congress Classification
Item type Monograph ( Printed materials)
Holdings
Withdrawn status Lost status Source of classification or shelving scheme Damaged status Not for loan Collection code Home library Current library Shelving location Date acquired Total Checkouts Full call number Barcode Date last seen Price effective from Koha item type
    Library of Congress Classification     Main Collection ARRUPE LIBRARY ARRUPE LIBRARY Main Collection 19/05/2014   BT414. M824 2011 46500001542 01/12/2016 19/05/2014 Monograph ( Printed materials)

 

Arrupe Library. PO Box MP320 Mt Pleasant, Harare, Zimbabwe
263 242 745411|librarian@aju.ac.zw